000 00758cab a2200229 4500
001 WB3507-61
008 090401t1999 xxu||||| |||| 00| 0 eng d
035 _a(Sirsi) u91345
041 _aeng
245 _aRailtrack pledges to invest billions
260 _c1999
350 _a0
490 _aIndependent
_v16 February 1999, 6(1)
520 _aRailtrack is to invest billions of pounds into the UK`s rail network in a bid to stop sanctions from the Government. The company has drawn up a list of congestion blackspots that need immediate improvement.
650 _aCONGESTION
650 _aRAIL PROJECTS
650 _aRAILTRACK
650 _aTRANSPORT INVESTMENT
690 _aTRANSPORT AND COMMUNICATIONS
942 _n0
948 _c16/02/1999
999 _c57972
_d57972